| 000 | 02320cam a2200253 a 4500 | ||
|---|---|---|---|
| 001 | vtls002677960 | ||
| 003 | MY-SjTCS | ||
| 005 | 20200306163256.0 | ||
| 008 | 190729s1997 nyuaf b 001 0 eng | ||
| 020 | _a0070717362 (hbk.) | ||
| 039 | 9 |
_a201907291426 _bshuhada _c201907291349 _dshuhada _c201102181218 _dVLOAD _c200603160830 _dsuankui _y200407271950 _zVLOAD |
|
| 043 | _an-us--- | ||
| 082 | 0 | 4 |
_a728.370973 _bWOO |
| 100 | 1 |
_aWoods, Charles G. _9230522 |
|
| 245 | 1 | 2 |
_aA natural system of house design : _ban architect's way / _cCharles G. Woods ; introduction by Vince van de Venter ; illustrated by Malcolm Wells. |
| 246 | 1 | 8 | _aNatural system of house design |
| 260 |
_aNew York : _bMcGraw-Hill, _cc1997. |
||
| 300 |
_axviii, 219 p. [16] p. of plates : _bill. (some col.) ; _c23 x 29 cm. |
||
| 504 | _aIncludes bibliographical references (p. 205-209) and index | ||
| 505 | 0 | _aAcknowledgments. - Author's preface. - MAC and I : How we worked together. - Introduction : Geometry and earth-the architecture of Charles G. Woods. - The module system. - A search for the beauty of intellect. Module house designs. 1. The Jamil/Mahmood Summer house. 2. The Brown residence. 3. The Brian Cobb house. 4. A Country residence for Mr. and Mrs. Stan Freeman. 5. The Teery residence I. 6. Snowflake. 7. Low-cost prototype. 8. Crystal. 9. A California singles house. 10. Treehouse. 11. Fountainhead. 12. The Gundlach residence. 13. Nautilus. 14. Red rocks. 15. Harmonious disconjunction. 16. Lookout. 17. Hobbitat. 18. Cragged rock. 19. Solar Arc. 20. Prairie house. 21. Spiral. 22. Underground house. 23. Earthship. 24. A craftsman-style house. - Construction drawing. 25. Hermit Cabin. - Preliminary / Final designs. - Construction. - Epilogue : My natural architecture. - Appendix A : Energy efficiency. - Appendix B : Bidding. - Appendix C : Nonresidential design-Northeast fitness and health center. - Bibliography / Suggested reading list. - Select bibliography / Chronology of Charles G. Woods, A.I.A. - Index. - About the author. - About the illustrator. - About Vince Van De Venter. - Stock plan sales. | |
| 650 | 0 |
_aArchitecture, Domestic _zUnited States. _911784 |
|
| 650 | 0 |
_aModular coordination (Architecture) _95636 |
|
| 920 | _aBLT(DIP) : 523186 | ||
| 999 | _c40753 | ||